Top 10 chess players of all time - Statistics

General Stats
  • This quiz has been taken 61 times
  • The average score is 7 of 10
Answer Stats
Number Name % Correct
1 Garry Kasparov
98%
2 Magnus Carlsen
98%
3 Bobby Fischer
93%
5 Anatoly Karpov
86%
4 Jose Raul Capablanca
72%
9 Tal
63%
10 Alexander Alekhine
49%
7 Vladimir Kramnik
49%
6 Mikhail Botvinnik
46%
8 Emanuel Lasker
40%
No matching quizzes found
Score Distribution
Percent of People with Each Score
Percentile by Number Answered
Your Score History
You have not taken this quiz